000 00225nam a2200097Ia 4500
008 170619s9999 xx 000 0 und d
100 _aBALI- N P
245 0 _aENGINEERING MATHEMATICS
260 _bUNIVERSITY SCIENCE
260 _c2009
546 _aENGLISH
999 _c18891
_d18891